Notts County all-time top scorers - Statistics

General Stats
  • This quiz has been taken 6 times
  • The average score is 4 of 10
Answer Stats
Goals Nationality Player % Correct
65 England Macaulay Langstaff
83%
67 England Lee Hughes
50%
74 England Mark Stallard
50%
48 Australia Danny Allsopp
33%
33 England / Barbados Jonathan Forte
33%
51 England Jon Stead
33%
36 Ireland Paul Heffernan
33%
51 Portugal Rúben Rodrigues
33%
52 England Kyle Wootton
17%
43 England Trevor Christie
17%
No matching quizzes found
Score Distribution
Percent of People with Each Score
Percentile by Number Answered
Your Score History
You have not taken this quiz